000 00511nam a2200181Ia 4500
005 20250603144753.0
008 250603s9999 xx 000 0 und d
020 _a9780996902267
050 _aQA 76.9.A25 .S3/
100 _aSchober, Scott N.
245 0 _aCybersecurity is everybody’s business : solve the security puzzle for your small business and home
260 _aNew Jersey
260 _bScottSchober.com Publishing
260 _c2019
300 _a322 p
650 _aNew Jersey
942 _cBK
999 _c39901
_d39901